000 04058nam0a2200577 4500
001 RU\NLR\BIBL_A\011973360
005 20250809113115.0
020 _aRU
_9Ленинград в Великой Отечественной войне. Коллекция. Афиши
035 _a(NLR Aleph) 011973360
090 _a3808
_c3808
100 _a20190328d1945 u y0rusy50 ca
101 0 _arus
102 _aRU
105 _ay z 000zy
135 _acrcn 024anaba
200 1 _aПремьера, 28, 29 апреля, 1, 2 мая 1945 г. А.Арбузов и А. Гладков. Бессмертный
_eпьеса в 4 актах, 6 картинах
_eпостановка Г.Н. Каганова. Художник заслужен. артист РСФСР В.И. Бейер. Композитор Л.А. Ходжа-Эйнатов.
_eв спектакле участвуют: Вострокнутова О.И., Дзеревяго В.А., Дилин С.А. [и др.]. Художественный руководитель народный артист РСФСР А.А. Брянцев
_e[афиша]
_fУправление по делам искусств Исполкома Ленгорсовета, Ленинградский Государственный Театр Юных Зрителей ТЮЗ орудие коммунистического воспитания
210 _a[Ленинград]
_cТЛ-4
_d1945
215 _a1 л.
_d49х70
300 _aНачало в 7 час. вечера. Билеты продаются в кассе театра ежедневно, кроме пондельников, с 2 до 7 час. вечера и в Центральной Театральной кассе. Принимаются заявки школ
300 _aЗак. 857
325 _aКопия доступна в Электрон. б-ке РНБ
500 1 0 _6z22702
_aБессмертный
606 1 _aТеатральная жизнь
_yЛенинград, город
_z1941 - 1944
_jАфиши
_2nlr_sh2
_3RU\NLR\AUTH\6601649837
686 _aЩ333(2Р=Рус)7-692Ленинград
702 1 _6z22
_aАрбузов
_bА.Н.
_cдраматург
_f1908-1986
_gАлексей Николаевич
_3RU\NLR\AUTH\7717969
702 1 _6z22
_6z22500
_aГладков
_bА. К.
_cдраматург, сценарист
_f1912-1976
_gАлександр Константинович
_3RU\NLR\AUTH\7797321
702 1 _aКаганова
_bГ.Н.
_4005
702 1 _aБейер
_bВ. И.
_cтеатр. художник, педагог
_f1868-1945
_gВладимир Иванович
_3RU\NLR\AUTH\770204089
_4040
702 1 _aХоджа-Эйнатов
_bЛ.А.
_4230
702 1 _aВострокнутова
_bО.И.
_4005
702 1 _aДзеревяго
_bВ.А.
_4005
702 1 _aДилин
_bС.А.
_4005
702 1 _aБрянцев
_bА. А.
_cтеатр. режиссер, актер
_f1883-1961
_gАлександр Александрович
_3RU\NLR\AUTH\770204096
_4005
712 0 2 _aЛенинградский театр юных зрителей
_3RU\NLR\AUTH\889923849
_4570
852 _aNLR
_jЛ3-330а/7/3/1945-апр.-май
856 0 _uhttp://vivaldi.nlr.ru/la700000628/view
856 1 _uhttp://vivaldi.nlr.ru/la700000628/cover
856 2 _uhttp://vivaldi.nlr.ru/la700000628/text
942 _cVISUAL
945 _aРоссийская национальная библиотека
980 _aNB
980 _aBV
980 3 _akplen
980 3 _akp
981 3 7 _a(37) Ленинград в Великой Отечественной войне
_b(37) Афиши блокадного Ленинграда